000 01176cam a2200349Li 4500
001 73262
005 20230410132614.0
008 060913r20061939nyub g b 000 1 eng d
035 _a(OCoLC)ocn493341632
040 _aZWZ
_encafnor
_bfre
_cZWZ
020 _a0143039733 (br)
020 _a9780143039730 (br)
029 0 _aZWZ
_b108442969
035 _a(OCoLC)493341632
050 1 4 _aPR 6013
_bG799l 2006
082 0 0 _a917.204/82
049 _aGRAL
100 1 _aGreene, Graham,
_d1904-1991
245 1 4 _aThe lawless roads /
_cGraham Greene ; introduction by David Rieff.
260 _aNew York :
_bPenguin Books,
_c[2006]
300 _a1 vol. (XIV-221 p.) :
_bcartes, couv. ill. ;
_c20 cm.
500 _aPublie pour la 1áere fois en 1939 áa London et áa New York chez Longmans, Green.
504 _aBibliogr. p. [XIII]-XIV.
600 1 7 _aGreene, Graham
_d(1904-1991)
_xVoyages.
_2ram
600 1 0 _aGreene, Graham
_d(1904-1991)
_xTravel
_zMexico.
651 7 _aMexique
_xDescriptions et voyages.
_2ram
651 0 _aMexico
_xDescription and travel.
700 1 _aRieff, David
_d(1952-....).
_ePrâef.
942 _2lcc
_cbk
994 _aC0
_bDRFGD
946 _aRCH
999 _c84504
_d84504